| 000 | 00717nam a2200217Ia 4500 | ||
|---|---|---|---|
| 003 | GCL | ||
| 008 | 140319s9999 xx 000 0 ara d | ||
| 020 | _a4208843052 | ||
| 040 |
_aGCL / _cGCL |
||
| 082 | 0 | 4 |
_a863.01 _bم ق |
| 100 | 1 | _aماركيز ، جابرييل جارسيا | |
| 245 | 1 | 0 |
_aقصة موت معلن / _cماركيز ، جابرييل جارسيا |
| 250 | _aالثالثة | ||
| 260 |
_aسوريا : _bدار المدى للثقافة والنشر ، _c2003 |
||
| 300 |
_a110 ص ؛ _c24 سم |
||
| 490 | _a | ||
| 650 | 0 | 4 | _aالادب الكولومبى المترجم |
| 650 | 0 | 4 | _aالقصص الكولومبية |
| 650 | 0 | 4 | _aماركيز، جابريل جارسيا |
| 942 |
_2ddc _cBK |
||
| 999 |
_c35357 _d35357 |
||